000 00389 a2200169 4500
001 186597
020 _a978-85-7319-696-2
040 _cMagnum
100 _aFranco, Olívia
240 1 0 _aQuantos nomes tem um menino?
_lpor
245 1 0 _aQuantos nomes tem um menino?
300 _a24
362 0 _a2011
440 1 _aAo Livro Técnico
697 _aLITERATURA INFANTIL
942 _cBK
999 _c186597
_d186597